[Event "AUTO-INT-1897"]
[Site "http://www.queenalice.com/game.php?id=870645"]
[Date "2010.12.11"]
[Round "1"]
[White "wladimir"]
[Black "bishop4739"]
[Result "0-1"]
[WhiteElo "1375"]
[BlackElo "1510"]

1. e4 e6 2. Nf3 c5 3. Nc3 Nc6 4. Bc4 d6 5. d3 Nf6 6. h3 Be7 7. O-O O-O 8. a3 a6
9. Na4 b5 10. Nxc5 dxc5 0-1

[Event "AUTO-INT-1897"]
[Site "http://www.queenalice.com/game.php?id=870646"]
[Date "2010.12.11"]
[Round "1"]
[White "bishop4739"]
[Black "Vermelho"]
[Result "1-0"]
[WhiteElo "1564"]
[BlackElo "1498"]

1. d4 d5 2. Nf3 Bg4 3. Nc3 Bxf3 4. gxf3 Nc6 5. Bf4 Nf6 6. Qd3 e6 7. O-O-O Bb4 8.
Nb5 a6 9. Nxc7+ Kf8 10. Nxa8 Qxa8 11. e4 a5 12. a3 Be7 13. Bg5 h6 14. Bxf6 Bxf6
15. e5 Bg5+ 16. Kb1 f6 17. Rg1 fxe5 18. Bh3 Qe8 19. Qb5 exd4 20. Qxb7 e5 21. Bd7
Nd8 22. Qxd5 Qf7 23. Qxf7+ Nxf7 24. Rd3 Ke7 25. Bf5 Nd6 26. Be4 Bf4 27. Rxg7+
Kf8 28. Rd7 Nc4 29. c3 dxc3 30. Rd8+ Kg7 31. R3d7+ Kf6 32. Rxh8 Nd2+ 33. Kc2 Ke6
34. Bc6 cxb2 35. Kxb2 Nc4+ 36. Ka2 Nb6 37. Re8+ Kf5 38. Be4+ Kf6 39. Rf8+ Kg5
40. Rg7+ Kh5 41. Rf5+ Kh4 42. Rg4+ Kh3 43. Rh5# 1-0

[Event "AUTO-INT-1897"]
[Site "http://www.queenalice.com/game.php?id=870647"]
[Date "2010.12.11"]
[Round "1"]
[White "Vermelho"]
[Black "bishop4739"]
[Result "0-1"]
[WhiteElo "1677"]
[BlackElo "1543"]

1. e4 c5 2. Nc3 Nc6 3. Nf3 e6 4. Bb5 Qb6 5. O-O d6 6. Bxc6+ bxc6 7. d3 Nf6 8. a4
Be7 9. b3 O-O 10. e5 Nd5 11. Nxd5 cxd5 12. c4 Bb7 13. cxd5 Bxd5 14. Ra3 Rab8 15.
a5 Qc6 16. d4 c4 17. bxc4 Qxc4 18. Ra4 Rb4 19. Rxb4 Qxb4 20. Bd2 Bxf3 21. Bxb4
Bxd1 22. Rxd1 Rd8 23. Rc1 Bg5 24. Rc7 dxe5 25. Rxa7 exd4 26. a6 d3 27. Rb7 Rc8
28. Bc3 d2 29. Bxd2 Bxd2 30. Rb3 Rc1# 0-1

[Event "AUTO-INT-1897"]
[Site "http://www.queenalice.com/game.php?id=870648"]
[Date "2010.12.11"]
[Round "1"]
[White "bishop4739"]
[Black "arliones"]
[Result "1-0"]
[WhiteElo "1521"]
[BlackElo "1410"]

1. Nc3 e5 2. e4 Nf6 3. Nf3 g6 4. d4 d5 5. Bd3 Bg7 6. Be3 Ng4 7. h3 exd4 8. Bxd4
Bxd4 9. Nxd4 Qf6 10. hxg4 Qxd4 11. Nxd5 Kd7 12. Bb5+ 1-0

[Event "AUTO-INT-1897"]
[Site "http://www.queenalice.com/game.php?id=870649"]
[Date "2010.12.11"]
[Round "1"]
[White "arliones"]
[Black "bishop4739"]
[Result "0-1"]
[WhiteElo "1394"]
[BlackElo "1533"]

1. e4 e6 2. d4 d5 3. Qe2 Nf6 4. e5 Nfd7 5. Qf3 Bb4+ 6. c3 Be7 7. Nh3 c5 8. g3
Nc6 9. Ng5 Bxg5 10. Bxg5 Qxg5 11. Bb5 Qc1+ 12. Ke2 Qxb2+ 13. Nd2 cxd4 14. a4 O-O
15. cxd4 Nxd4+ 16. Ke3 Nxf3 0-1

[Event "AUTO-INT-1950"]
[Site "http://www.queenalice.com/game.php?id=898475"]
[Date "2011.2.10"]
[Round "1"]
[White "bishop4739"]
[Black "silverado"]
[Result "0-1"]
[WhiteElo "1572"]
[BlackElo "1834"]

1. e4 e5 2. Nf3 Nc6 3. Bc4 Nd4 4. Nxd4 exd4 5. Qf3 Qe7 6. d3 h6 7. Bf4 d6 8. Na3
Nf6 9. Nb5 a6 10. Nxd4 g6 11. O-O-O Bg4 12. Qg3 Bxd1 13. Kxd1 Nh5 14. Qg4 Nxf4
15. Qxf4 Rh7 16. Re1 Qe5 17. Qe3 Qxh2 18. g3 Qh5+ 19. Kc1 Bg7 20. f4 c5 21. Nf3
Bd4 22. Nxd4 cxd4 23. Qxd4 Rd8 24. Qf6 Rd7 25. e5 d5 26. e6 Re7 27. exf7+ Rxf7
0-1

[Event "AUTO-INT-1950"]
[Site "http://www.queenalice.com/game.php?id=898476"]
[Date "2011.2.10"]
[Round "1"]
[White "silverado"]
[Black "bishop4739"]
[Result "1-0"]
[WhiteElo "1848"]
[BlackElo "1577"]

1. e4 c5 2. c3 Nc6 3. a3 d6 4. Bc4 Nf6 5. d3 e6 6. Be3 Qb6 7. b4 d5 8. exd5 Nxd5
9. Bxd5 exd5 10. Qe2 Be6 11. Nf3 d4 12. cxd4 cxd4 13. Bg5 Bd6 14. O-O O-O 15.
Nbd2 Rfe8 16. Rfe1 Qc7 17. Rac1 a6 18. Ne4 Bg4 19. h3 Bxf3 20. Qxf3 Rac8 21.
Nxd6 Qxd6 22. Rxe8+ Rxe8 23. Qg4 Qg6 24. Qg3 h6 25. Bh4 Qxg3 26. Bxg3 Re2 27.
Rb1 1-0

[Event "AUTO-INT-1950"]
[Site "http://www.queenalice.com/game.php?id=898477"]
[Date "2011.2.10"]
[Round "1"]
[White "bishop4739"]
[Black "rrenato"]
[Result "0-1"]
[WhiteElo "1473"]
[BlackElo "1604"]

1. d4 f5 2. Nc3 Nf6 3. Nf3 e6 4. Bg5 Be7 5. e3 Nc6 6. Bd3 O-O 7. O-O h6 8. Bxf6
Bxf6 9. Re1 Re8 10. Qe2 b6 11. Rad1 Bb7 12. Nd2 e5 13. dxe5 Nxe5 14. Bxf5 d6 15.
Nde4 Rf8 16. f4 Nc6 17. Nd5 Ne7 18. Ndxf6+ Kh8 19. Qg4 gxf6 20. Ng3 Rg8 21. Qh5
Qf8 22. Be6 Rg6 23. Nf5 Rxg2+ 24. Kf1 Nxf5 0-1

[Event "AUTO-INT-1950"]
[Site "http://www.queenalice.com/game.php?id=898478"]
[Date "2011.2.10"]
[Round "1"]
[White "rrenato"]
[Black "bishop4739"]
[Result "1-0"]
[WhiteElo "1591"]
[BlackElo "1514"]

1. e4 e6 2. Nc3 c5 3. Nf3 Nc6 4. d3 Nf6 5. Be3 Qb6 6. b3 Be7 7. Be2 O-O 8. O-O
d5 9. exd5 exd5 10. d4 cxd4 11. Nxd4 Nxd4 12. Bxd4 Qc6 13. Bf3 Be6 14. Re1 Rfe8
15. Qd3 Rac8 16. Na4 b5 17. Nc5 Bxc5 18. Bxf6 gxf6 19. c3 Qb6 20. Re2 Re7 21.
Bxd5 Rd8 22. Qg3+ Kf8 23. Be4 Red7 24. Bxh7 Rd1+ 25. Re1 1-0

[Event "AUTO-INT-1950"]
[Site "http://www.queenalice.com/game.php?id=898479"]
[Date "2011.2.10"]
[Round "1"]
[White "bishop4739"]
[Black "Qxo2TwoTower"]
[Result "0-1"]
[WhiteElo "1566"]
[BlackElo "1290"]

1. Nf3 f6 2. e3 h6 3. Nd4 e5 4. Qh5+ g6 5. Qxg6+ Ke7 6. Nf5+ Ke6 7. Bc4+ d5 8.
Ng7+ Bxg7 9. Qxg7 Ne7 10. Be2 Rg8 11. Qxh6 Qf8 12. Qxf8 Rxf8 13. O-O Ng6 14. d4
e4 15. c4 dxc4 16. Bxc4+ Ke7 17. Nc3 c6 18. b3 Bf5 19. f3 exf3 20. Rxf3 Bg4 21.
Rg3 f5 22. e4 b5 23. Bd3 Bh5 24. Bg5+ Ke8 0-1

[Event "AUTO-INT-1950"]
[Site "http://www.queenalice.com/game.php?id=898480"]
[Date "2011.2.10"]
[Round "1"]
[White "Qxo2TwoTower"]
[Black "bishop4739"]
[Result "1-0"]
[WhiteElo "1317"]
[BlackElo "1539"]

1. g3 g6 2. c3 Bg7 3. a4 Nf6 4. f3 O-O 5. e4 Nc6 6. d4 d6 7. Be3 e5 8. d5 Ne7 9.
c4 c6 10. f4 Nxe4 11. dxc6 Nxc6 12. Nd2 Qa5 13. Bd3 Bf5 14. Kf1 Nxd2+ 15. Bxd2
Bxd3+ 16. Ke1 Qc5 17. Nf3 exf4 18. Qb3 Nd4 19. Qxd3 Rae8+ 20. Kf2 Nf5+ 21. Kf1
fxg3 22. Be1 Rxe1+ 23. Kxe1 Qf2+ 24. Kd1 1-0

[Event "AUTO-INT-2037"]
[Site "http://www.queenalice.com/game.php?id=939427"]
[Date "2011.5.18"]
[Round "1"]
[White "Ricardoabreu"]
[Black "bishop4739"]
[Result "1-0"]
[WhiteElo "1596"]
[BlackElo "1418"]

1. e3 Nf6 2. b3 d5 3. Bb2 g6 4. Bxf6 exf6 5. Bb5+ Bd7 6. Bd3 Bg7 7. c3 O-O 8.
Qf3 c6 9. Bc2 Na6 10. Ne2 Qc8 11. O-O 1-0